[Event "41st Nezhmetdinov Memorial 2019"]
[Site "Kazan"]
[Date "2019.06.08"]
[Round "9.10"]
[White "Frolyanov, Dmitry"]
[Black "Chekletsov, Egor"]
[Result "1-0"]
[WhiteElo "2538"]
[BlackElo "2035"]
[Annotator "ChessBase"]
[PlyCount "113"]
[EventDate "2019.05.31"]
[EventType "swiss"]
[EventCountry "RUS"]
[SourceTitle "playchess.com"]
[Source "ChessBase"]
[SourceQuality "1"]
[TimeControl "5400+30"]

1. e4 {[%emt 0:00:00]} c5 {[%emt 0:00:00]} 2. Nf3 {[%emt 0:00:00]} d6 {[%emt 0:00:00]} 3. d4 {[%emt 0:00:00]} cxd4 {[%emt 0:00:00]} 4. Nxd4 {[%emt 0:00:00]} Nf6 {[%emt 0:00:00]} 5. Nc3 {[%emt 0:00:01]} g6 {[%emt 0:00:00]} 6. Be3 {[%emt 0:00:15]} Bg7 {[%emt 0:00:02]} 7. f3 {[%emt 0:00:12]} O-O {[%emt 0:00:05]} 8. Qd2 {[%emt 0:00:17]} Nc6 {[%emt 0:00:06]} 9. Bc4 {[%emt 0:00:10]} Bd7 {[%emt 0:00:04]} 10. h4 {[%emt 0:00:36]} h5 {[%emt 0:00:21]} 11. O-O-O {[%emt 0:00:11]} Rc8 {[%emt 0:00:24]} 12. Bb3 {[%emt 0:00:06]} Ne5 {[%emt 0:00:10]} 13. Kb1 {[%emt 0:00:15]} Nc4 {[%emt 0:00:52]} 14. Bxc4 {[%emt 0:00:20]} Rxc4 {[%emt 0:00:05]} 15. g4 {[%emt 0:00:33]} hxg4 {[%emt 0:03:09]} 16. h5 {[%emt 0:01:06]} Nxh5 {[%emt 0:00:06]} 17. Rdg1 {[%emt 0:00:18]} Qc8 {[%emt 0:07:42]} 18. Nd5 {[%emt 0:01:09]} Re8 {[%emt 0:00:10]} 19. b3 {[%emt 0:01:34]} Rc5 {[%emt 0:03:00]} 20. fxg4 {[%emt 0:00:46]} Bxg4 {[%emt 0:00:56]} 21. Rh4 {[%emt 0:01:39]} e6 {[%emt 0:29:21]} 22. Rhxg4 {[%emt 0:10:28]} exd5 {[%emt 0:00:41]} 23. Nf5 {[%emt 0:00:17]} d4 {[%emt 0:07:19]} 24. Bxd4 {[%emt 0:03:34]} Rxe4 {[%emt 0:10:58]} 25. Nh6+ {[%emt 0:12:36]} Kh7 {[%emt 0:02:36]} 26. Rxe4 {[%emt 0:00:34]} Bxh6 {[%emt 0:00:25]} 27. Qe2 {[%emt 0:00:10]} Bg7 {[%emt 0:02:30]} 28. Bxc5 {[%emt 0:03:20]} Qxc5 {[%emt 0:03:06]} 29. Rh1 {[%emt 0:00:43]} Bf6 {[%emt 0:00:59]} 30. Rc4 {[%emt 0:10:21]} Qb5 {[%emt 0:11:17]} 31. a4 {[%emt 0:01:54]} Qd7 {[%emt 0:00:15]} 32. Rxh5+ {[%emt 0:09:53]} gxh5 {[%emt 0:00:04]} 33. Qxh5+ {[%emt 0:00:04]} Kg7 {[%emt 0:00:06]} 34. Rg4+ {[%emt 0:01:38]} Kf8 {[%emt 0:00:04]} 35. Qh6+ {[%emt 0:02:58]} Ke7 {[%emt 0:00:07]} 36. Rg8 {[%emt 0:00:55]} Be5 {[%emt 0:09:13]} 37. Qh4+ {[%emt 0:06:31]} Bf6 {[%emt 0:01:57]} 38. Qe4+ {[%emt 0:01:05]} Be5 {[%emt 0:00:03]} 39. Rb8 {[%emt 0:01:16]} Qh3 {[%emt 0:00:54]} 40. Rxb7+ {[%emt 0:00:08]} Kf6 {[%emt 0:00:03]} 41. Qe1 {[%emt 0:01:11]} Ke6 {[%emt 0:00:44]} 42. Rxa7 {[%emt 0:02:11]} f5 {[%emt 0:00:20]} 43. Qg1 {[%emt 0:01:32]} Bf6 {[%emt 0:02:01]} 44. Rc7 {[%emt 0:00:58]} Qg4 {[%emt 0:03:01]} 45. Qf1 {[%emt 0:01:17]} f4 {[%emt 0:02:12]} 46. Rc4 {[%emt 0:01:26]} Be5 {[%emt 0:00:04]} 47. a5 {[%emt 0:00:27]} Qg3 {[%emt 0:01:01]} 48. Rc8 {[%emt 0:05:43]} Qe3 {[%emt 0:00:58]} 49. Qc4+ {[%emt 0:04:10]} d5 {[%emt 0:00:25]} 50. Qc6+ {[%emt 0:02:02]} Kf5 {[%emt 0:00:05]} 51. Rf8+ {[%emt 0:00:36]} Ke4 {[%emt 0:00:20]} 52. Qg6+ {[%emt 0:00:35]} Kf3 {[%emt 0:00:57]} 53. Qd3 {[%emt 0:00:59]} Kg2 {[%emt 0:00:12]} 54. Qxe3 {[%emt 0:01:22]} fxe3 {[%emt 0:00:04]} 55. Re8 {[%emt 0:00:14]} Bd4 {[%emt 0:00:11]} 56. c3 {[%emt 0:00:42]} Bc5 {[%emt 0:00:04]} 57. Kc2 {[%emt 0:00:19]} 1-0